Visu vegetación península ibérica imágenes - Estadísticas

Estadísticas generales
  • Esta prueba ha sido intentada 10 veces
  • La puntuación promedio es 13 de 66
Estadísticas de respuestas
Imagen Respuesta % Correcto
abeto
100%
pino negro
71%
alcornoque
57%
coscoja
57%
pino carrasco
57%
quejigo
57%
tejo
57%
álamo blanco
43%
arce
43%
castaño
43%
Espino albar
43%
haya
43%
Romero
43%
abedul
29%
Acebo
29%
chopo
29%
enebro común.
29%
enebro de la Miera
29%
Jara pringosa
29%
madroño
29%
pino albar
29%
pinsapo
29%
rebollo
29%
sabina albar
29%
Tomillo
29%
Zarzamora
29%
avellano
14%
Brezo blanco
14%
Cantueso
14%
carrasca
14%
Durillo
14%
Endrino
14%
Esparto
14%
Espino negro
14%
fresno de flor
14%
Jara blanca
14%
pinastre
14%
pino canario
14%
pi pinyoner
14%
roble carballo
14%
roble común
14%
sabina negral
14%
sabina rastrera
14%
Zarzaparrilla
14%
Aladierno
0%
Alhucemilla
0%
Aliaga
0%
arce común
0%
Argomo
0%
Brezo de invierno
0%
Brezo de turberas
0%
Carroncha
0%
Espígol
0%
Espígol dentat
0%
Estepa negra
0%
Fresno de hoja ancha
0%
Garrofer
0%
Lentisco
0%
Lleoner
0%
Llorer
0%
Madreselva
0%
mostajo
0%
Pebrella
0%
pino negral
0%
roble andaluz
0%
roble pubescente
0%
No se encontraron pruebas coincidentes
Distribución de puntuación
Porcentaje de gente con cada puntuación
Porcentaje por número respondido
Historial de tus puntuaciones
No has intentado esta prueba.